|
000
|
01019nam0 2200277 450
|
|
001
|
2691
|
|
005
|
20101106172245.0
|
|
010
|
|
@a978-7-5082-6113-3@dCNY12.00
|
|
100
|
|
@a20100507d2010 em y0chiy50 ea
|
|
101
|
0
|
@achi
|
|
102
|
|
@aCN@b110000
|
|
105
|
|
@aa z 000yy
|
|
106
|
|
@ar
|
|
200
|
1
|
@a装饰装修瓦工宜与忌@9zhuang shi zhuang xiu wa gong yi yu ji@f李永盛主编
|
|
210
|
|
@a北京@c金盾出版社@d2010.1
|
|
215
|
|
@a179页@c图@d21cm
|
|
225
|
2
|
@a建筑装饰装修宜与忌丛书
|
|
330
|
|
@a本书针对装饰装修工程中瓦工在材料的选择和机具的使用、装饰抹灰、砌筑及清水砌体勾缝、楼地面装饰工程、饰面砖和饰面板面层铺设等一系列工作中容易出现的问题,采用“宜”和“忌”的形式逐一列出,并对照现行国家标准和最新规范、规程进行分析,指出了施工问题产生的原因,提出了避免出现施工问题的措施。
|
|
461
|
0
|
@12001 @a建筑装饰装修宜与忌丛书
|
|
606
|
0
|
@a工程装修@x瓦工
|
|
606
|
0
|
@a工程装修
|
|
606
|
0
|
@a瓦工
|
|
690
|
|
@aTU75@v4
|
|
701
|
0
|
@a李永盛@f(1951~)@9li yong sheng@4主编
|
|
801
|
0
|
@aCN@b北京汉珍
|
|
905
|
|
@dTU75@e193
|
|
|
|
|
| |
| 装饰装修瓦工宜与忌/李永盛主编.-北京:金盾出版社,2010.1 |
| 179页:图;21cm.-(建筑装饰装修宜与忌丛书) |
| |
| |
| ISBN 978-7-5082-6113-3:CNY12.00 |
| 本书针对装饰装修工程中瓦工在材料的选择和机具的使用、装饰抹灰、砌筑及清水砌体勾缝、楼地面装饰工程、饰面砖和饰面板面层铺设等一系列工作中容易出现的问题,采用“宜”和“忌”的形式逐一列出,并对照现行国家标准和最新规范、规程进行分析,指出了施工问题产生的原因,提出了避免出现施工问题的措施。 |
| ● |
正题名:装饰装修瓦工宜与忌
索取号:TU75/193
 
预约/预借
| 序号
|
登录号
|
条形码
|
馆藏地/架位号
|
状态
|
备注
|
|
1
|
397163
|
300397163
|
柳城-5楼/43架5列4层/
[索取号:TU75/193]
|
在馆
|
|
|
2
|
397164
|
300397164
|
柳城-5楼/43架5列4层/
[索取号:TU75/193]
|
在馆
|
|
|
3
|
397165
|
300397165
|
柳城-5楼/43架5列4层/
[索取号:TU75/193]
|
在馆
|
|
|
4
|
397166
|
300397166
|
柳城密-1楼/6架10列3层/
[索取号:TU75/193]
|
在馆
|
|
|
5
|
397167
|
300397167
|
柳城密-1楼/6架10列3层/
[索取号:TU75/193]
|
在馆
|
|